10 największych miast w Nepalu - Statystyki

Ogólne statystyki
  • Ten quiz został rozwiązany 28 razy
    17 od ostatniego zresetowania
  • Średni wynik to 1 z 10
Statystyki odpowiedzi
Liczba mieszkańców Nazwa miasta % Poprawnych
1 003 285 Katmandu
100%
226 728 Patan
13%
204 949 Biratnagar
7%
120 982 Butwal
7%
264 991 Pokhara
7%
147 777 Bharatpur
0%
139 068 Birgańdź
0%
104 047 Dhangadhi
0%
119 915 Dharan
0%
106 666 Mahendranagar
0%
Nie znaleziono quizów pasujących do podanych kryteriów
Rozkład punktacji
Procent ludzi z każdym wynikiem
Percentyl według liczby udzielonych odpowiedzi
Twoja historia wyników
Nie rozwiązałeś tego quizu od ostatniego zresetowania